000 00222nmm a2200085Ia 4500
008 220120s9999||||xx |||||||||||||||||und||
100 _aEFY
245 0 _aTails 2.3, free BSD10.3, simplysity linux 16.4
260 _aEFY
_bDenmark
999 _c140012
_d140012